00503cam a22001457a 4500008004000000082001800040245011800058260002200176300001000198650005500208650003600263700002000299700001600319700002200335180718b2002 xxu||||| |||| 00| 0 eng d aA99 Ad95/G111 aToday's iron man: life and times of Lal Krishna Advanicedited by Daljit Kaur Gaba, Soma Kolay and Arti Agnihotri aDelhibXactc2002 a155p. aAdwani, Lal Krishna - Criticism and interpretation aAdwani, Lal Krishna - Biography aAgnihotri, Arti aKolay, Soma aGaba, Daljit Kaur